|
|
|
|
| LEADER |
00000nam0a2200000 4500 |
| 001 |
78203 |
| 005 |
20231031093741.0 |
| 035 |
|
|
|a (RuTPU)RU\TPU\book\83816
|
| 090 |
|
|
|a 78203
|
| 100 |
|
|
|a 20050614d1961 k y0rusy50 ca
|
| 101 |
0 |
|
|a rus
|
| 102 |
|
|
|a RU
|
| 105 |
|
|
|a a g 000zy
|
| 200 |
1 |
|
|a Справочник механика горнорудных предприятий
|f П. П. Липов, М. А. Цицин
|
| 205 |
|
|
|a 2-е изд., перераб.
|
| 210 |
|
|
|a Москва
|c Госгортехиздат
|d 1961
|
| 215 |
|
|
|a 788 с.
|c ил.
|
| 610 |
1 |
|
|a горное дело
|
| 610 |
1 |
|
|a горное дело
|
| 610 |
1 |
|
|a горнорудные предприятия
|
| 610 |
1 |
|
|a справочники
|
| 610 |
1 |
|
|a бурение
|
| 610 |
1 |
|
|a экскаваторы
|
| 610 |
1 |
|
|a погрузчики
|
| 610 |
1 |
|
|a транспорт
|
| 610 |
1 |
|
|a рудничные установки
|
| 610 |
1 |
|
|a вентиляторные установки
|
| 610 |
1 |
|
|a водоотлив
|
| 610 |
1 |
|
|a компрессоры
|
| 610 |
1 |
|
|a дробильно-сортировочные фабрики
|
| 610 |
1 |
|
|a материалы
|
| 610 |
1 |
|
|a смазка
|
| 610 |
1 |
|
|a оборудование
|
| 610 |
1 |
|
|a ремонт
|
| 610 |
1 |
|
|a сборка
|
| 610 |
1 |
|
|a электродуговая сварка
|
| 610 |
1 |
|
|a термическая обработка
|
| 610 |
1 |
|
|a литье
|
| 610 |
1 |
|
|a ковка
|
| 675 |
|
|
|a 622.0025(035)
|v 3
|
| 700 |
|
1 |
|a Липов
|b П. П.
|g Павел Петрович
|
| 701 |
|
1 |
|a Цицин
|b М. А.
|g Михаил Алексеевич
|
| 801 |
|
1 |
|a RU
|b 63413507
|c 20050614
|g PSBO
|
| 801 |
|
2 |
|a RU
|b 63413507
|c 20201129
|g PSBO
|
| 942 |
|
|
|c BK
|